| 000 | 00496nam a22001577a 4500 | ||
|---|---|---|---|
| 008 | 150408b xxu||||| |||| 00| 0 eng d | ||
| 050 | _aLB1379.U58C934 | ||
| 100 |
_aUNISA _916957 |
||
| 245 |
_aCritical reasoning and the art of argumentation _c/by UNISA |
||
| 260 |
_aPretoria _bUniversity of South Africa _c2005 |
||
| 300 |
_axi,133p. ; _c30cm. |
||
| 650 |
_aTeacher training _xManuals _916958 |
||
| 650 |
_aLogic _916969 |
||
| 700 |
_aVan Den Berg, M.E.S. _916970 |
||
| 942 |
_2lcc _cMONOGRAPH |
||
| 999 |
_c122590 _d122590 |
||